Rolling Stones Songs on the All Time Top 500 List - Statistics

General Stats
  • This quiz has been taken 1,219 times
  • The average score is 8 of 14
Answer Stats
Ranking Song % Correct
2 (I Can't Get No) Satisfaction
93%
32 Sympathy for the Devil
79%
176 Paint it Black
74%
495 Brown Sugar
71%
35 Gimme Shelter
66%
125 Jumpin' Jack Flash
64%
343 Wild Horses
54%
101 You Can't Always Get What You Want
54%
116 Honkey Tonk Woman
51%
498 Miss You
44%
310 Ruby Tuesday
44%
433 Tumbling Dice
37%
443 Beast of Burden
35%
301 Street Fighting Man
35%
No matching quizzes found
Score Distribution
Percent of People with Each Score
Percentile by Number Answered
Your Score History
You have not taken this quiz